Existují hranice ekonomického růstu
Na minha lista:
| Autor principal: | |
|---|---|
| Outros Autores: | |
| Formato: | Livro |
| Idioma: | tcheco |
| Publicado em: |
Praha
Svoboda
1980
|
| Tags: |
Sem tags, seja o primeiro a adicionar uma tag!
|
MARC
| LEADER | 00000nam a2200000 4500 | ||
|---|---|---|---|
| 001 | 0222981 | ||
| 005 | 20240822101702.8 | ||
| 041 | 0 | |a cze | |
| 044 | |a CZ | ||
| 245 | 1 | 0 | |a Existují hranice ekonomického růstu |c Harry Maier ; pěložila: Eva Hošnová |
| 264 | 1 | |a Praha |b Svoboda |c 1980 | |
| 300 | |a 115 s. | ||
| 100 | 1 | |a Maier, Harry | |
| 700 | 1 | |a Hošnová, Eva | |